Denmark World Cup 2022 Squad - Statistics

General Stats
  • This quiz has been taken 13 times
  • The average score is 18 of 26
Answer Stats
Position Club Player % Correct
DF FC Barcelona Andreas Christensen
100%
MF Manchester United Christian Eriksen
100%
GK OGC Nice Kasper Schmeichel
100%
GK Hertha BSC Oliver Christensen
100%
DF Leeds United Rasmus Kristensen
100%
FW RB Leipzig Yussuf Poulsen
100%
MF Tottenham Hotspur Pierre-Emile Hojbjerg
89%
DF AC Milan Simon Kjaer
89%
DF Crystal Palace Joachim Andersen
78%
FW Sevilla Kasper Dolberg
78%
MF Brentford Mikkel Damsgaard
78%
MF Sevilla Thomas Delaney
78%
MF Club Brugge Andreas Skov Olsen
67%
GK Union Berlin Frederik Ronnow
67%
DF Atalanta Joakim Maehle
67%
FW VFL Wolfsburg Jonas Wind
67%
MF Brentford Mathias Jensen
67%
DF SL Benfica Alexander Bah
56%
FW FC Copenhagen Andreas Cornelius
56%
MF Brentford Christian Norgaard
56%
FW RCD Espanyol Martin Braithwaite
56%
MF TSG Hoffenheim Robert Skov
56%
DF Trabzonspor Jens Stryger Larsen
44%
MF Eintracht Frankfurt Jesper Lindstrom
44%
DF Brondby Daniel Wass
33%
DF Galatasaray Victor Nelsson
22%
No matching quizzes found
Score Distribution
Percent of People with Each Score
Percentile by Number Answered
Your Score History
You have not taken this quiz